[Event "British Columbia-ch Seniors 50+"]
[Site "Surrey CAN"]
[Date "2025.06.22"]
[Round "6.1"]
[White "Morgan, Scott"]
[Black "Ross, Paul"]
[Result "1/2-1/2"]
[WhiteElo "1937"]
[BlackElo "2287"]
[WhiteFideId "-1"]
[WhiteFideId "-1"]
[PlyCount "43"]
[GameId "2197311441169190"]
[EventDate "2025.06.20"]
[EventType "swiss"]
[EventRounds "6"]
[EventCountry "CAN"]

1. e4 e6 2. d4 d5 3. Be3 Nf6 4. e5 Nfd7 5. f4 c5 6. c3 Nc6 7. Nf3 Qc7 8. a3 a5 9. Bd3 g6 10. O-O b6 11. Qe2 Be7 12. g4 Nf8 13. Nbd2 h5 14. h3 Bd7 15. Ng5 c4 16. Bc2 hxg4 17. hxg4 Bxg5 18. fxg5 Rh7 19. Kg2 b5 20. Rh1 Rxh1 21. Kxh1 Rb8 22. Qf2 1/2-1/2

[Event "British Columbia-ch Seniors 50+"]
[Site "Surrey CAN"]
[Date "2025.06.22"]
[Round "6.2"]
[White "McLaren, Brian"]
[Black "Mohammed Qanee, Arpak Worya"]
[Result "1/2-1/2"]
[WhiteElo "2040"]
[BlackElo "1996"]
[WhiteFideId "-1"]
[WhiteFideId "-1"]
[PlyCount "96"]
[GameId "2197311441169191"]
[EventDate "2025.06.20"]
[EventType "swiss"]
[EventRounds "6"]
[EventCountry "CAN"]

1. e4 c5 2. Nc3 Nc6 3. g3 g6 4. Bg2 Bg7 5. d3 d6 6. Nge2 e6 7. Be3 Nge7 8. Qd2 Rb8 9. Bh6 O-O 10. h4 f6 11. Bxg7 Kxg7 12. d4 e5 13. dxe5 dxe5 14. Nd5 Bg4 15. c3 b6 16. Rd1 Rb7 17. O-O Rd7 18. Qc2 Nxd5 19. Rxd5 Rxd5 20. exd5 Ne7 21. Rd1 Nc8 22. Rd2 Nd6 23. b3 f5 24. f3 Bh5 25. c4 g5 26. Qc3 Re8 27. hxg5 Qxg5 28. f4 Qf6 29. Bf3 Bxf3 30. Qxf3 e4 31. Qe3 h5 32. Nc3 Rh8 33. Rh2 Qd4 34. Kf2 Kg6 35. Ne2 Qxe3+ 36. Kxe3 Rb8 37. Nc3 Rc8 38. a4 a6 39. Ra2 a5 40. Rh2 Rh8 41. Nd1 Nf7 42. Nf2 Nh6 43. Rh1 Rd8 44. Nd1 Ng4+ 45. Ke2 e3 46. Re1 Re8 47. Kd3 Re4 48. Nxe3 h4 1/2-1/2

[Event "British Columbia-ch Seniors 50+"]
[Site "Surrey CAN"]
[Date "2025.06.22"]
[Round "6.3"]
[White "Williamson, Jason"]
[Black "Leblanc, Paul"]
[Result "1-0"]
[WhiteElo "1971"]
[BlackElo "1764"]
[WhiteFideId "-1"]
[WhiteFideId "-1"]
[PlyCount "61"]
[GameId "2197311441169192"]
[EventDate "2025.06.20"]
[EventType "swiss"]
[EventRounds "6"]
[EventCountry "CAN"]

1. e4 c6 2. d4 d5 3. e5 Bf5 4. h4 h6 5. g4 Bd7 6. f4 e6 7. h5 c5 8. c3 Nc6 9. Nf3 cxd4 10. cxd4 Bb4+ 11. Nc3 Nge7 12. a3 Bxc3+ 13. bxc3 Na5 14. Bd3 Nc4 15. Qe2 Qa5 16. Bd2 Nxd2 17. Kxd2 Rc8 18. Rhc1 O-O 19. g5 hxg5 20. Nxg5 Rc6 21. Bh7+ Kh8 22. Qd3 f6 23. Bg8 Nf5 24. Bxe6 Bxe6 25. Nxe6 Rxe6 26. Qxf5 Rfe8 27. Rg1 Rc6 28. Rg3 Rec8 29. exf6 Rxc3 30. fxg7+ Kg8 31. Qe6+ 1-0

[Event "British Columbia-ch Seniors 50+"]
[Site "Surrey CAN"]
[Date "2025.06.22"]
[Round "6.4"]
[White "Ingram, Richard"]
[Black "Soliven, Joe"]
[Result "1-0"]
[WhiteElo "1662"]
[BlackElo "1924"]
[WhiteFideId "-1"]
[WhiteFideId "-1"]
[PlyCount "119"]
[GameId "2197311441169193"]
[EventDate "2025.06.20"]
[EventType "swiss"]
[EventRounds "6"]
[EventCountry "CAN"]

{[%evp 0,67,19,24,71,72,69,67,74,60,59,56,109,103,101,80,96,52,52,53,56,23,75,55,61,47,61,58,73,69,76,70,82,-41,99,64,109,78,68,77,63,61,61,58,197,197,197,197,225,242,231,244,246,185,235,191,192,204,310,209,215,138,150,148,203,263,335,315,367,121]} 1. e4 b6 2. d4 Bb7 3. Nc3 e6 4. a3 Nf6 5. e5 Ng8 6. Nf3 Ne7 7. Be2 Ng6 8. Bg5 Be7 9. Bxe7 Qxe7 10. Qd2 Nc6 11. O-O-O O-O-O 12. Qe3 d5 13. h4 h5 14. Bd3 Rh6 15. g3 Qf8 16. Ng5 Rd7 17. Rhe1 Na5 18. Qe2 Ne7 19. Qf3 Nec6 20. Bf1 Nc4 21. Bh3 Qe7 22. Nxd5 Qe8 23. Nf4 Ne7 24. Qc3 b5 25. b3 Nb6 26. Bf1 a6 27. Ne4 Bxe4 28. Rxe4 Kb7 29. Bg2 Ned5 30. Qc5 c6 31. Ree1 Rh8 32. c4 bxc4 33. bxc4 Rc7 34. Kb1 Nc3+ 35. Kc2 Nxd1 36. Rxd1 Qf8 37. Rb1 Qxc5 38. dxc5 Kc8 39. Rxb6 Kd7 40. Rxa6 g6 41. Ne2 Rhc8 42. Nd4 Ke7 43. Kc3 f6 44. exf6+ Kxf6 45. Rxc6 Rxc6 46. Nxc6 Kf7 47. a4 Ke8 48. Kb4 Kd7 49. Ne5+ Kc7 50. Nxg6 Rb8+ 51. Kc3 Rb1 52. Nf4 e5 53. Nxh5 Ra1 54. Nf6 Rxa4 55. Nd5+ Kd8 56. Kb3 Ra1 57. c6 Rb1+ 58. Kc2 Rg1 59. c7+ Kc8 60. Bh3+ 1-0

[Event "British Columbia-ch Seniors 50+"]
[Site "Surrey CAN"]
[Date "2025.06.22"]
[Round "6.5"]
[White "Landingin, Jofrel"]
[Black "Verdon, Norman"]
[Result "0-1"]
[WhiteElo "1693"]
[BlackElo "1885"]
[WhiteFideId "-1"]
[WhiteFideId "-1"]
[PlyCount "28"]
[GameId "2197311441169194"]
[EventDate "2025.06.20"]
[EventType "swiss"]
[EventRounds "6"]
[EventCountry "CAN"]

{[%evp 0,18,26,40,35,35,42,37,33,18,11,-11,15,-6,6,1,19,16,16,-30,58]} 1. e4 c5 2. Nc3 Nc6 3. f4 d6 4. a4 Nf6 5. Bb5 Bd7 6. Nf3 a6 7. Bc4 e6 8. O-O Qc7 9. f5 Nd4 10. Ng5 Be7 11. fxe6 Nxe6 12. Nxe6 fxe6 13. d3 O-O-O 14. Bf4 Qb6 0-1

[Event "British Columbia-ch U20"]
[Site "Burnaby CAN"]
[Date "2025.09.27"]
[Round "1.1"]
[White "Liu, Zachary"]
[Black "Zhou, Ansun Zhong Hua"]
[Result "1-0"]
[WhiteElo "2241"]
[BlackElo "1632"]
[WhiteFideId "-1"]
[WhiteFideId "-1"]
[PlyCount "159"]
[GameId "2231183133453669"]
[EventDate "2025.09.27"]
[EventType "swiss"]
[EventRounds "5"]
[EventCountry "CAN"]

1. Nf3 d5 2. c4 c6 3. g3 Nf6 4. Bg2 g6 5. b3 Bg7 6. Bb2 O-O 7. O-O Nbd7 8. d4 b6 9. Nc3 Bb7 10. Re1 Re8 11. Qc2 Rc8 12. e4 dxe4 13. Nxe4 Nxe4 14. Qxe4 Nf6 15. Qc2 e6 16. Rad1 Qc7 17. Bc1 Nh5 18. c5 b5 19. Ne5 Rcd8 20. a4 a6 21. Nf3 Rd7 22. Be3 Ra8 23. Ra1 Rdd8 24. Bg5 Re8 25. Qd2 Qd7 26. g4 Nf6 27. Bxf6 Bxf6 28. Qf4 Qe7 29. h4 Red8 30. a5 Rac8 31. b4 Bg7 32. Re4 Qf6 33. Qe3 Rd7 34. Ne5 Rdc7 35. Re1 Qd8 36. Bh3 Bxe5 37. dxe5 Rd7 38. Qh6 Qf8 39. Qf4 Rcd8 40. R1e3 Rd3 41. h5 Qg7 42. hxg6 Qxg6 43. Rxd3 Rxd3 44. Bf1 Rd1 45. Rd4 Rxd4 46. Qxd4 h5 47. Qd8+ Kg7 48. g5 Qf5 49. Qf6+ Qxf6 50. exf6+ Kg6 51. f4 Kh7 52. Bd3+ Kg8 53. Be4 Kf8 54. Kh2 Ke8 55. Kh3 Kf8 56. Kh4 Kg8 57. Kxh5 Kf8 58. Kh6 Kg8 59. Bh7+ Kf8 60. Be4 Kg8 61. g6 fxg6 62. Kxg6 Kf8 63. f7 Ba8 64. Kf6 Bb7 65. Kxe6 Bc8+ 66. Kd6 Kxf7 67. Bxc6 Kf6 68. Be4 Bf5 69. Bxf5 Kxf5 70. c6 Kxf4 71. c7 Ke4 72. c8=Q Kd4 73. Qxa6 Kc4 74. Qb6 Kxb4 75. a6 Kc4 76. a7 b4 77. a8=Q b3 78. Qf3 b2 79. Qbb3+ Kd4 80. Qbc3# 1-0

[Event "British Columbia-ch U20"]
[Site "Burnaby CAN"]
[Date "2025.09.27"]
[Round "1.2"]
[White "Radic, Marko"]
[Black "Gao, Justin"]
[Result "0-1"]
[WhiteElo "1621"]
[BlackElo "2162"]
[WhiteFideId "-1"]
[WhiteFideId "-1"]
[PlyCount "59"]
[GameId "2231183133498726"]
[EventDate "2025.09.27"]
[EventType "swiss"]
[EventRounds "5"]
[EventCountry "CAN"]

1. e4 c5 2. Nc3 Nc6 3. f4 e6 4. Nf3 d5 5. Bb5 Nf6 6. e5 Nd7 7. Bxc6 bxc6 8. O-O c4 9. Re1 Be7 10. d3 Ba6 11. d4 O-O 12. g4 c5 13. Be3 Rb8 14. Rb1 Re8 15. f5 Qc7 16. dxc5 Bxc5 17. Bd4 Bxd4+ 18. Qxd4 Qc5 19. Qxc5 Nxc5 20. f6 gxf6 21. exf6 Nd7 22. g5 Bb7 23. Ne5 Nxe5 24. Rxe5 d4 25. Ne4 Red8 26. c3 Bxe4 27. Rxe4 dxc3 28. Rxc4 Rxb2 29. Rxb2 cxb2 30. Rb4 0-1

[Event "British Columbia-ch U20"]
[Site "Burnaby CAN"]
[Date "2025.09.27"]
[Round "1.3"]
[White "Yao, Lucas"]
[Black "Holmgren, Emilian"]
[Result "1/2-1/2"]
[WhiteElo "2137"]
[BlackElo "1617"]
[WhiteFideId "-1"]
[WhiteFideId "-1"]
[PlyCount "133"]
[GameId "2231183133498727"]
[EventDate "2025.09.27"]
[EventType "swiss"]
[EventRounds "5"]
[EventCountry "CAN"]

1. e4 e5 2. Nf3 Nc6 3. Bb5 a6 4. Ba4 Nf6 5. d3 b5 6. Bb3 Bc5 7. c3 d6 8. O-O Bb6 9. Bc2 h6 10. Nbd2 O-O 11. h3 Re8 12. Re1 Bb7 13. Nf1 d5 14. Ng3 dxe4 15. dxe4 Na5 16. Qe2 c5 17. b3 b4 18. Bb2 Nc6 19. Rad1 Qc7 20. cxb4 cxb4 21. Nf5 Nd4 22. N3xd4 exd4 23. Bxd4 Bxe4 24. Bxe4 Rxe4 25. Bxb6 Qxb6 26. Qf3 Rae8 27. Rxe4 Nxe4 28. Re1 Nf6 29. Rxe8+ Nxe8 30. Qe4 Nf6 31. Qa8+ Kh7 32. Qf8 Nh5 33. Qxf7 Qg6 34. Qxg6+ Kxg6 35. Nd4 Nf4 36. Nc6 Nd3 37. Kf1 Kf6 38. Ke2 Nc1+ 39. Ke3 Nxa2 40. Kd4 Nc1 41. Kc4 Ne2 42. g3 Ng1 43. h4 Nh3 44. Nxb4 Nxf2 45. Nxa6 Ne4 46. g4 Nd2+ 47. Kd5 Nxb3 48. Ke4 g5 49. h5 Nd2+ 50. Ke3 Nc4+ 51. Kf3 Ne5+ 52. Kg3 Nd3 53. Nc7 Ke5 54. Ne8 Nf4 55. Ng7 Ne2+ 56. Kf3 Nd4+ 57. Ke3 Nc2+ 58. Kd3 Nd4 59. Kc4 Ke4 60. Kc5 Nb3+ 61. Kc4 Kf4 62. Kxb3 Kxg4 63. Kc3 Kh3 64. Nf5 g4 65. Kd3 g3 66. Nxg3 Kxg3 67. Ke3 1/2-1/2

[Event "British Columbia-ch U20"]
[Site "Burnaby CAN"]
[Date "2025.09.27"]
[Round "1.4"]
[White "Aloke, Aryav"]
[Black "Chen, Zhengyu"]
[Result "0-1"]
[WhiteElo "1615"]
[BlackElo "2122"]
[WhiteFideId "-1"]
[WhiteFideId "-1"]
[PlyCount "69"]
[GameId "2231183133506920"]
[EventDate "2025.09.27"]
[EventType "swiss"]
[EventRounds "5"]
[EventCountry "CAN"]

1. e4 c5 2. b3 Nc6 3. Bb2 d6 4. Bb5 a6 5. Bxc6+ bxc6 6. d3 e5 7. Nf3 g6 8. Nbd2 Bg7 9. Nc4 Ne7 10. Nfd2 O-O 11. O-O Qc7 12. Ba3 Rb8 13. Nb2 f5 14. exf5 Bxf5 15. Ne4 Nd5 16. Nc4 Rfd8 17. Ne3 Nxe3 18. fxe3 Qa5 19. Bb2 c4 20. Ng3 Be6 21. Qe2 cxd3 22. cxd3 d5 23. d4 e4 24. Qc2 Rdc8 25. Qc3 Qxc3 26. Bxc3 c5 27. Ne2 Bg4 28. Nf4 cxd4 29. Bxd4 Bxd4 30. exd4 Rb5 31. a4 Rxb3 32. Nxd5 Kg7 33. h3 Be6 34. Nf4 Bf7 35. Rfe1 0-1

[Event "British Columbia-ch U20"]
[Site "Burnaby CAN"]
[Date "2025.09.27"]
[Round "2.1"]
[White "Yin, Andrew"]
[Black "Liu, Zachary"]
[Result "1/2-1/2"]
[WhiteElo "1863"]
[BlackElo "2241"]
[WhiteFideId "-1"]
[WhiteFideId "-1"]
[PlyCount "104"]
[GameId "2231183133506921"]
[EventDate "2025.09.27"]
[EventType "swiss"]
[EventRounds "5"]
[EventCountry "CAN"]

1. e4 c5 2. Nf3 Nc6 3. d4 cxd4 4. Nxd4 e5 5. Nb5 d6 6. N1c3 a6 7. Na3 Be6 8. Nc4 Rc8 9. Ne3 Nf6 10. Bd3 g6 11. O-O Bg7 12. Ned5 Bxd5 13. Nxd5 Nxd5 14. exd5 Ne7 15. c4 O-O 16. Qb3 Qd7 17. Be3 f5 18. f4 exf4 19. Bxf4 h6 20. Qb6 Rcd8 21. h4 Nc8 22. Qf2 Rde8 23. Rae1 Qf7 24. Kh1 Kh7 25. b3 Kh8 26. Qg3 Qf6 27. b4 a5 28. bxa5 Rg8 29. Rxe8 Rxe8 30. Re1 Rxe1+ 31. Qxe1 Kh7 32. g3 g5 33. hxg5 hxg5 34. g4 gxf4 35. Bxf5+ Kh6 36. Bxc8 Kg5 37. Qb1 Qh6+ 38. Kg2 f3+ 39. Kxf3 Qh3+ 40. Ke2 Qg2+ 41. Kd3 Qf3+ 42. Kc2 Qc3+ 43. Kd1 Qd4+ 44. Kc1 Be5 45. Qf5+ Kh4 46. Qh7+ Kg3 47. Qc2 Qg1+ 48. Kd2 Qf2+ 49. Kc1 Qe1+ 50. Qd1 Qc3+ 51. Qc2 Bf4+ 52. Kb1 Qe1+ 1/2-1/2

[Event "British Columbia-ch U20"]
[Site "Burnaby CAN"]
[Date "2025.09.27"]
[Round "2.2"]
[White "Gao, Justin"]
[Black "Wangluo, Joanne"]
[Result "1-0"]
[WhiteElo "2162"]
[BlackElo "1836"]
[WhiteFideId "-1"]
[WhiteFideId "-1"]
[PlyCount "104"]
[GameId "2231183133506922"]
[EventDate "2025.09.27"]
[EventType "swiss"]
[EventRounds "5"]
[EventCountry "CAN"]

1. e4 c5 2. Nf3 e6 3. d4 cxd4 4. Nxd4 a6 5. c4 Nf6 6. Nc3 Qc7 7. a3 b6 8. Be3 Bb7 9. f3 Be7 10. Be2 d6 11. O-O O-O 12. Rc1 Nbd7 13. b4 Rac8 14. Qc2 Rfd8 15. f4 Qb8 16. Qb1 Qa8 17. Bd3 Ng4 18. Bd2 Ngf6 19. Rfe1 Qb8 20. h3 g6 21. Be3 Bf8 22. Qb3 Bg7 23. Nf3 Nh5 24. Na4 Ba8 25. Nc3 Bb7 26. Red1 Ba8 27. c5 b5 28. cxd6 Ng3 29. e5 Nb6 30. Kh2 Nf5 31. Bc5 Bd5 32. Nxd5 Nxd5 33. Bxf5 gxf5 34. g3 Qb7 35. Nd4 Nb6 36. Bxb6 Qxb6 37. Qe3 Qb7 38. Nb3 Bf8 39. Nc5 Qa7 40. Qd4 Qa8 41. Rd3 Rb8 42. Nb3 Qb7 43. Na5 Qa8 44. Rdc3 Rd7 45. Nc6 Re8 46. Qb6 Kg7 47. Qd4 Kg8 48. Na5 Kg7 49. Nb3 Kg8 50. Nc5 Rdd8 51. d7 Re7 52. Rd1 Qa7 1-0

[Event "British Columbia-ch U20"]
[Site "Burnaby CAN"]
[Date "2025.09.27"]
[Round "2.3"]
[White "Chen, Zhengyu"]
[Black "Jaiman, Panshul Mishra"]
[Result "1-0"]
[WhiteElo "2122"]
[BlackElo "1801"]
[WhiteFideId "-1"]
[WhiteFideId "-1"]
[PlyCount "43"]
[GameId "2231183133527403"]
[EventDate "2025.09.27"]
[EventType "swiss"]
[EventRounds "5"]
[EventCountry "CAN"]

1. Nf3 d5 2. g3 Nf6 3. Bg2 e6 4. O-O Bd6 5. c4 dxc4 6. Na3 Bxa3 7. bxa3 c6 8. Bb2 Nbd7 9. Rc1 O-O 10. Rxc4 Qc7 11. d4 Nb6 12. Rc1 Rd8 13. Qb3 Ne4 14. Rfd1 Bd7 15. Ne5 Nf6 16. e4 Rdc8 17. a4 Be8 18. d5 exd5 19. exd5 c5 20. d6 Qb8 21. a5 c4 22. Qb4 1-0

[Event "British Columbia-ch U20"]
[Site "Burnaby CAN"]
[Date "2025.09.27"]
[Round "2.4"]
[White "Imoo, Joshua"]
[Black "Jiang, Kate"]
[Result "0-1"]
[WhiteElo "1804"]
[BlackElo "2109"]
[WhiteFideId "-1"]
[WhiteFideId "-1"]
[PlyCount "98"]
[GameId "2231183133527404"]
[EventDate "2025.09.27"]
[EventType "swiss"]
[EventRounds "5"]
[EventCountry "CAN"]

1. e4 e5 2. Nf3 Nc6 3. Bc4 Nf6 4. d3 Bc5 5. c3 d6 6. O-O h6 7. h3 O-O 8. Re1 Re8 9. Nbd2 a6 10. Bb3 Be6 11. Bc2 d5 12. exd5 Qxd5 13. Nf1 Rad8 14. Be3 Bf5 15. Ng3 Bh7 16. Bxc5 Qxc5 17. Qe2 Qb5 18. Rab1 Bxd3 19. Bxd3 Qxd3 20. Qxd3 Rxd3 21. Rbd1 Rxd1 22. Rxd1 e4 23. Nd4 Rd8 24. Nf1 Nxd4 25. Rxd4 Rxd4 26. cxd4 Kf8 27. Ne3 g6 28. f4 exf3 29. gxf3 Ke7 30. Kf2 Kd6 31. Ke2 Nd5 32. Ng2 b5 33. a3 Nb6 34. b3 Nd5 35. Kd3 a5 36. h4 Ke6 37. Ke4 Nf6+ 38. Kd3 Kf5 39. a4 c6 40. b4 axb4 41. a5 Nd7 42. a6 Ke6 43. Nf4+ Kd6 44. Kc2 Kc7 45. Kb3 Kb6 46. Kxb4 Kxa6 47. d5 c5+ 48. Kb3 Kb6 49. Ne2 Nf6 0-1

[Event "British Columbia-ch U20"]
[Site "Burnaby CAN"]
[Date "2025.09.27"]
[Round "3.1"]
[White "Yuan, Jaydon"]
[Black "Gao, Justin"]
[Result "1-0"]
[WhiteElo "1989"]
[BlackElo "2162"]
[WhiteFideId "-1"]
[WhiteFideId "-1"]
[PlyCount "27"]
[GameId "2231183133527405"]
[EventDate "2025.09.27"]
[EventType "swiss"]
[EventRounds "5"]
[EventCountry "CAN"]

1. e4 c5 2. Nc3 a6 3. a4 e5 4. f4 exf4 5. Nf3 g5 6. Bc4 g4 7. Ne5 Qh4+ 8. Kf1 Nh6 9. d4 d6 10. Nd3 f3 11. Nd5 Rg8 12. g3 Qd8 13. dxc5 dxc5 14. Bf4 1-0

[Event "British Columbia-ch U20"]
[Site "Burnaby CAN"]
[Date "2025.09.27"]
[Round "3.2"]
[White "Yin, Aiden"]
[Black "Chen, Zhengyu"]
[Result "0-1"]
[WhiteElo "1977"]
[BlackElo "2122"]
[WhiteFideId "-1"]
[WhiteFideId "-1"]
[PlyCount "209"]
[GameId "2231183133527406"]
[EventDate "2025.09.27"]
[EventType "swiss"]
[EventRounds "5"]
[EventCountry "CAN"]

1. e4 c5 2. Nf3 d6 3. d4 cxd4 4. Nxd4 Nf6 5. Nc3 e5 6. Bb5+ Nbd7 7. Nf5 a6 8. Be2 Nc5 9. Ng3 b5 10. f3 b4 11. Nd5 Nxd5 12. Qxd5 Be6 13. Qd1 Be7 14. Be3 O-O 15. O-O Qc7 16. Nf5 Bxf5 17. exf5 Bf6 18. Qd2 a5 19. Bg5 Qe7 20. Be3 Rad8 21. Qd5 e4 22. Bd4 Rfe8 23. Bb5 Bxd4+ 24. Qxd4 Qe5 25. Qxe5 Rxe5 26. fxe4 Nxe4 27. Bd3 Nc5 28. Rad1 Na4 29. b3 Nc3 30. Ra1 Ne2+ 31. Kf2 Nd4 32. Kg3 Rc8 33. Rf2 Rc3 34. Kg4 f6 35. a3 Nxb3 36. Rb1 Nc5 37. axb4 axb4 38. Rxb4 Nxd3 39. cxd3 Rxd3 40. Rb8+ Kf7 41. Rb7+ Re7 42. Rxe7+ Kxe7 43. Rb2 Re3 44. Kf4 Re5 45. Rb7+ Kf8 46. Rd7 Rd5 47. Ra7 h6 48. Ra8+ Kf7 49. Ra7+ Kg8 50. Ra8+ Kh7 51. Rd8 Rd2 52. Kf3 d5 53. h3 h5 54. g4 hxg4+ 55. hxg4 Rd3+ 56. Kf2 Kh6 57. Rd7 Rd4 58. Ke3 Rxg4 59. Rxd5 Kg5 60. Ra5 Kh4 61. Kf3 Rg3+ 62. Kf4 Rg4+ 63. Kf3 Kg5 64. Ke3 Rh4 65. Rb5 Rh5 66. Kf3 Rh3+ 67. Ke4 Rh8 68. Rb7 Re8+ 69. Kf3 Rg8 70. Rb5 Ra8 71. Rb7 Ra3+ 72. Kf2 Kh6 73. Rb5 Rh3 74. Kg2 Rh5 75. Kf3 g6 76. Kf4 Rh4+ 77. Kg3 g5 78. Rb6 Kg7 79. Rb7+ Kf8 80. Rb6 Ke7 81. Re6+ Kf7 82. Ra6 Re4 83. Ra7+ Re7 84. Ra1 Re4 85. Ra7+ Ke8 86. Rb7 Rf4 87. Rb5 Ke7 88. Rd5 Ke8 89. Kg2 Re4 90. Rd1 Re5 91. Rf1 Kd7 92. Kg3 Re4 93. Ra1 Kd6 94. Ra5 Rd4 95. Ra1 Ke5 96. Rf1 Rf4 97. Rxf4 gxf4+ 98. Kf2 Kxf5 99. Kf3 Kg5 100. Kf2 Kg4 101. Kg2 f3+ 102. Kf2 Kf4 103. Kf1 Kg3 104. Kg1 f2+ 105. Kf1 0-1

[Event "British Columbia-ch U20"]
[Site "Burnaby CAN"]
[Date "2025.09.27"]
[Round "3.3"]
[White "Jiang, Kate"]
[Black "Law, Jesse"]
[Result "1-0"]
[WhiteElo "2109"]
[BlackElo "1695"]
[WhiteFideId "-1"]
[WhiteFideId "-1"]
[PlyCount "127"]
[GameId "2231183133535599"]
[EventDate "2025.09.27"]
[EventType "swiss"]
[EventRounds "5"]
[EventCountry "CAN"]

1. e4 c5 2. Nf3 d6 3. Bb5+ Nd7 4. O-O Ngf6 5. Re1 a6 6. Bf1 e6 7. c4 Be7 8. d4 cxd4 9. Nxd4 O-O 10. g3 Qc7 11. b3 b6 12. Bg2 Bb7 13. Bb2 Rac8 14. Nc3 Nc5 15. f4 Rfd8 16. f5 e5 17. Nc2 Qb8 18. Qe2 Qa8 19. Rad1 b5 20. b4 Ncd7 21. cxb5 axb5 22. Ne3 Rxc3 23. Bxc3 Bxe4 24. Bxe4 Nxe4 25. Nd5 Nxc3 26. Nxc3 Nf6 27. Qxb5 Qa7+ 28. Kg2 Ng4 29. Qe2 Nf6 30. Qf3 Bf8 31. Nd5 Nxd5 32. Qxd5 Rb8 33. Rb1 Qa4 34. Qb3 Qd7 35. b5 Qxf5 36. Rf1 Qe4+ 37. Qf3 Qc4 38. Rf2 Qe6 39. Qb3 Qg6 40. Rbf1 Qe4+ 41. Qf3 Qxf3+ 42. Rxf3 Rxb5 43. Rxf7 Rb8 44. a4 Rb2+ 45. Kg1 h5 46. Rxf8+ Kh7 47. R8f2 Rb4 48. Ra1 e4 49. a5 e3 50. Re2 h4 51. Rxe3 d5 52. a6 d4 53. Rd3 h3 54. a7 Rb2 55. a8=Q Re2 56. Rxd4 Re6 57. Qf3 Kg6 58. Rg4+ Kh6 59. Qf5 g6 60. Qg5+ Kg7 61. Ra7+ Kf8 62. Qd8+ Re8 63. Rf4+ Kg8 64. Qxe8# 1-0

[Event "British Columbia-ch U20"]
[Site "Burnaby CAN"]
[Date "2025.09.28"]
[Round "4.1"]
[White "Chen, Zhengyu"]
[Black "Yang, Nathan Yi-Hsin"]
[Result "1-0"]
[WhiteElo "2122"]
[BlackElo "2034"]
[WhiteFideId "-1"]
[WhiteFideId "-1"]
[PlyCount "73"]
[GameId "2231183133543793"]
[EventDate "2025.09.27"]
[EventType "swiss"]
[EventRounds "5"]
[EventCountry "CAN"]

1. e4 g6 2. Nc3 Bg7 3. d4 c6 4. h3 d5 5. e5 h5 6. f4 Nh6 7. Be3 Qb6 8. Rb1 Nf5 9. Bf2 a5 10. Nf3 Qc7 11. a4 b6 12. Be2 Ba6 13. O-O Bxe2 14. Qxe2 e6 15. g4 hxg4 16. hxg4 Nh6 17. Ng5 Nd7 18. Bg3 Nf8 19. b4 axb4 20. Rxb4 Nd7 21. Qf3 Qc8 22. Kg2 Rb8 23. Qd3 Nf8 24. Rfb1 Qc7 25. Kf3 Rb7 26. a5 b5 27. a6 Ra7 28. Rxb5 Nd7 29. Rb7 Rxb7 30. Rxb7 Qc8 31. Nxe6 fxe6 32. Qxg6+ Ke7 33. Qxg7+ Nf7 34. f5 c5 35. Bh4+ Rxh4 36. f6+ Ke8 37. Qg8+ 1-0

[Event "British Columbia-ch U20"]
[Site "Burnaby CAN"]
[Date "2025.09.28"]
[Round "4.2"]
[White "Xu, Joey"]
[Black "Jiang, Kate"]
[Result "0-1"]
[WhiteElo "2035"]
[BlackElo "2109"]
[WhiteFideId "-1"]
[WhiteFideId "-1"]
[PlyCount "114"]
[GameId "2231183133543794"]
[EventDate "2025.09.27"]
[EventType "swiss"]
[EventRounds "5"]
[EventCountry "CAN"]

1. c4 c6 2. g3 d5 3. Nf3 Nf6 4. Bg2 Nbd7 5. d4 e6 6. O-O Be7 7. b3 O-O 8. Bb2 b6 9. Qc2 Bb7 10. Nbd2 Rc8 11. e4 Nxe4 12. Nxe4 dxe4 13. Qxe4 Qc7 14. Rad1 Nf6 15. Qe2 c5 16. Rfe1 cxd4 17. Nxd4 Bxg2 18. Kxg2 Bb4 19. Rf1 Qb7+ 20. Qf3 Qxf3+ 21. Kxf3 a5 22. Nb5 a4 23. Be5 h5 24. h3 Bc5 25. Nd6 Ra8 26. Nb7 Be7 27. Bd6 Bxd6 28. Rxd6 Rfb8 29. Rxb6 Ra7 30. Nd6 Rxb6 31. Nc8 Rab7 32. Nxb6 Rxb6 33. Rb1 axb3 34. axb3 Kf8 35. b4 Ke7 36. Kf4 Kd7 37. Ke5 Kc6 38. Kd4 Nd7 39. f4 f6 40. Ke4 Rb8 41. g4 hxg4 42. hxg4 Nb6 43. Kd4 Rd8+ 44. Kc3 Rc8 45. Rc1 Nxc4 46. Kd4 Kb5 47. Re1 e5+ 48. fxe5 fxe5+ 49. Kd5 Rd8+ 50. Ke6 Rd4 51. g5 Kxb4 52. Kf7 Rd7+ 53. Ke6 Ra7 54. Kf5 Kc5 55. Rc1 Ra6 56. Re1 g6+ 57. Kg4 Kd4 0-1

[Event "British Columbia-ch U20"]
[Site "Burnaby CAN"]
[Date "2025.09.28"]
[Round "4.4"]
[White "Harms, Reece"]
[Black "Liu, Zachary"]
[Result "0-1"]
[WhiteElo "2021"]
[BlackElo "2241"]
[WhiteFideId "-1"]
[WhiteFideId "-1"]
[PlyCount "130"]
[GameId "2231183133543796"]
[EventDate "2025.09.27"]
[EventType "swiss"]
[EventRounds "5"]
[EventCountry "CAN"]

1. e4 c5 2. Nf3 e6 3. d4 cxd4 4. Nxd4 Nc6 5. a3 Qc7 6. Be2 Nf6 7. Nc3 a6 8. O-O b5 9. Bg5 Bb7 10. Bxf6 gxf6 11. Nxc6 Bxc6 12. Qd3 Bd6 13. h3 Be5 14. Rad1 Rg8 15. Bf3 Qb6 16. Rfe1 a5 17. b3 Qc5 18. Re3 Rb8 19. a4 b4 20. Nb1 Bc7 21. Nd2 Rd8 22. Nc4 Ke7 23. Qe2 Be5 24. Red3 Rg5 25. h4 Rgg8 26. Qd2 Bg3 27. h5 Bc7 28. c3 bxc3 29. Qxc3 Qg5 30. Re1 f5 31. Ne5 Bxe5 32. Qxe5 fxe4 33. Qxg5+ Rxg5 34. Bxe4 Bxe4 35. Rxe4 Rxh5 36. b4 axb4 37. Rxb4 Ra5 38. Kf1 Ra7 39. g4 Ra5 40. Ke2 h5 41. gxh5 Rxh5 42. Kd2 Rc5 43. Ke2 Rdc8 44. Ke3 d5 45. Rdb3 Kd6 46. f4 R8c7 47. Rb6+ R5c6 48. Kd4 f6 49. a5 Rxb6 50. Rxb6+ Rc6 51. Rb4 e5+ 52. Kd3 Kc5 53. Rb1 Kd6 54. Rh1 e4+ 55. Kd2 d4 56. Rh5 Rc5 57. Rh8 Rxa5 58. Rd8+ Kc5 59. Rc8+ Kd5 60. Rd8+ Kc4 61. Rd6 Ra2+ 62. Ke1 Kd3 63. Rxf6 e3 64. Kf1 Ra1+ 65. Kg2 e2 0-1

[Event "British Columbia-ch U20"]
[Site "Burnaby CAN"]
[Date "2025.09.28"]
[Round "5.1"]
[White "Jiang, Kate"]
[Black "Chen, Zhengyu"]
[Result "1-0"]
[WhiteElo "2109"]
[BlackElo "2122"]
[WhiteFideId "-1"]
[WhiteFideId "-1"]
[PlyCount "127"]
[GameId "2231183133543797"]
[EventDate "2025.09.27"]
[EventType "swiss"]
[EventRounds "5"]
[EventCountry "CAN"]

{[%evp 0,48,19,31,19,14,16,26,25,18,25,-9,28,8,-9,-56,2,-26,-22,-40,-23,-51,-51,-45,-35,-41,-38,-53,-46,-107,-67,-123,-135,-179,-188,-171,-171,-178,-160,-158,-165,-164,-148,-199,-199,-264,-264,-249,-224,-232,-229]} 1. d4 d5 2. Nc3 Nf6 3. Bf4 a6 4. e3 e6 5. g4 c5 6. dxc5 Nc6 7. a3 Bxc5 8. Nf3 b5 9. Ne5 Bb7 10. Bg2 Nxe5 11. Bxe5 Bd6 12. Bxd6 Qxd6 13. Qe2 b4 14. Nd1 bxa3 15. bxa3 Bc6 16. g5 Bb5 17. c4 Bxc4 18. Qb2 Rb8 19. Qd4 e5 20. Qd2 Nd7 21. Nc3 Nc5 22. Ne4 Nxe4 23. Bxe4 O-O 24. Bd3 Qe7 25. O-O Qxg5+ 26. Kh1 Rb2 27. Bxh7+ Kxh7 28. Qxb2 Bxf1 29. Rxf1 e4 30. Rg1 Qf6 31. Qxf6 gxf6 32. Rc1 Re8 33. Rc7 Kg6 34. Rd7 Re5 35. Rd6 a5 36. Ra6 d4 37. exd4 Rd5 38. Kg2 Kg5 39. Kg3 Rb5 40. a4 Rb3+ 41. Kg2 Rb2 42. Kf1 f5 43. Rxa5 Kf4 44. h4 Rb1+ 45. Ke2 Rb2+ 46. Kf1 Kg4 47. h5 f4 48. h6 Kf3 49. Kg1 Rb1+ 50. Kh2 Kxf2 51. Rb5 Rc1 52. Rc5 Rb1 53. Rb5 Rc1 54. Rb2+ Kf3 55. h7 Rc8 56. Kg1 Rc1+ 57. Kh2 Rc8 58. Kg1 e3 59. a5 Rh8 60. a6 Rxh7 61. a7 Rh8 62. Rb8 Rh5 63. a8=Q+ Ke2 64. Qa2+ 1-0